00758 2200253 4500001002100000005001700021008004100038020002000079035002500099040001200124082002200136084002200158090002200180100001500202245012600217260002800343300001800371500003100389650002100420700001200441700001900453850001200472990002000484INLIS00000000000093820141203092231.0  a978-602-258-036 a0010-121400000000021 aYOPDYOG aDEP 370.114 Muc D aDEP 370.114 Muc D aDEP 370.114 Muc D aMUCHSON AR aDasar-dasar pendidikan moral (Basis pengembangan pendidikan karakter)c/ Muchson AR, Samsuri ; penyunting, Aditya Pratama aYogyakartabOmbakc2013 aviii, 26 hlm. aBibliografi : hlm. 119-124 aPendidikan moral aSamsuri aAditya Pratama aYOPDYOG aCB-D.112013-944